[Event "Jyske Bank Open"]
[Site "Hvidovre"]
[Date "2019.04.06"]
[Round "4.3"]
[White "Eriksson, Christian Altenburg"]
[Black "Fries Nielsen, Jens Ove"]
[Result "0-1"]
[WhiteElo "2146"]
[BlackElo "2360"]
[PlyCount "126"]
[EventDate "2019.04.??"]
[EventType "swiss"]
[EventRounds "7"]
[EventCountry "DEN"]

1. e4 c5 2. c3 Qa5 3. Nf3 Nc6 4. a3 Nf6 5. Bd3 d5 6. exd5 Nxd5 7. Be4 Nf6 8.
Bxc6+ bxc6 9. Ne5 Qc7 10. d4 cxd4 11. cxd4 Ba6 12. Nc3 e6 13. Qa4 Bb7 14. O-O
Bd6 15. f4 O-O 16. Be3 Nd5 17. Bd2 Nxc3 18. Bxc3 c5 19. Rac1 Rfc8 20. Nd3 Bc6
21. Qd1 Bb5 22. Kh1 Bxd3 23. Qxd3 Bxf4 24. Bd2 Bxd2 25. Rxc5 Qd7 26. Rxc8+ Rxc8
27. Qxd2 Rd8 28. Rd1 Qd5 29. Qc3 e5 30. Qc7 a5 31. b4 axb4 32. axb4 exd4 33. b5
h5 34. b6 Rd7 35. Qc8+ Kh7 36. h3 d3 37. Qc3 f5 38. Qb4 Qe4 39. Qb5 Rd5 40. Qb3
Rd7 41. Qb5 Rd8 42. b7 Rb8 43. Qxd3 Rxb7 44. Qxe4 fxe4 45. Rd5 Kg6 46. Re5 Rb4
47. Kg1 h4 48. Kf2 Kf6 49. Re8 Rb2+ 50. Kf1 Kf5 51. Re7 g5 52. Rf7+ Ke5 53. Rf8
Kd4 54. Ra8 Ke3 55. Ra3+ Kf4 56. Ra4 Rd2 57. Rb4 Kg3 58. Rxe4 Rf2+ 59. Kg1
Rxg2+ 60. Kf1 Kxh3 61. Ra4 g4 62. Rb4 Kh2 63. Ra4 h3 0-1

[Event "Jyske Bank Open"]
[Site "Hvidovre"]
[Date "2019.04.06"]
[Round "4.4"]
[White "Svendsen, Mads O"]
[Black "Liu, Casper Yukun"]
[Result "1-0"]
[WhiteElo "2052"]
[BlackElo "2174"]
[PlyCount "47"]
[EventDate "2019.04.??"]
[EventType "swiss"]
[EventRounds "7"]
[EventCountry "DEN"]

1. e4 Nc6 2. d4 e5 3. d5 Nce7 4. Ne2 Nf6 5. f3 Ng6 6. Be3 Bb4+ 7. Nbc3 d6 8. h4
Nh5 9. g4 Nxh4 10. gxh5 Nxf3+ 11. Kf2 O-O 12. Kxf3 f5 13. exf5 Rxf5+ 14. Kg2
Bc5 15. Bxc5 dxc5 16. Ng3 Rf4 17. Nce4 Bg4 18. Be2 Bxe2 19. Qxe2 Qxd5 20. c4
Qc6 21. Rad1 Raf8 22. Rd5 Qe6 23. Nxc5 Qe7 24. Qxe5 1-0

[Event "Jyske Bank Open"]
[Site "Hvidovre"]
[Date "2019.04.06"]
[Round "4.5"]
[White "Guindy, Esmat Susanne"]
[Black "Jaques, Hannibal Valeur"]
[Result "1-0"]
[WhiteElo "2144"]
[BlackElo "1751"]
[PlyCount "65"]
[EventDate "2019.04.??"]
[EventType "swiss"]
[EventRounds "7"]
[EventCountry "DEN"]

1. c4 c6 2. Nc3 d5 3. d4 Nf6 4. cxd5 cxd5 5. Bf4 Nc6 6. e3 a6 7. Be2 e6 8. Nf3
Bd6 9. Bxd6 Qxd6 10. O-O O-O 11. Na4 Bd7 12. Rc1 Rac8 13. Nc5 Rc7 14. Qb3 Rb8
15. Qb6 Ne4 16. Nxe4 dxe4 17. Nd2 Rbc8 18. Rc5 f5 19. Nc4 Qe7 20. Ne5 Be8 21.
Rfc1 Qd8 22. Bc4 Re7 23. Qxd8 Rxd8 24. Nxc6 Bxc6 25. Bxa6 Bd5 26. Bc4 b6 27.
Rb5 Rc8 28. Rxd5 Rec7 29. Rc5 bxc5 30. Bxe6+ Kf8 31. Bxc8 Rxc8 32. Rxc5 Rb8 33.
Rxf5+ 1-0

[Event "Jyske Bank Open"]
[Site "Hvidovre"]
[Date "2019.04.06"]
[Round "4.6"]
[White "Thybo, Thomas Sondergaard"]
[Black "Christensen, Esben"]
[Result "0-1"]
[WhiteElo "2136"]
[BlackElo "2005"]
[PlyCount "100"]
[EventDate "2019.04.??"]
[EventType "swiss"]
[EventRounds "7"]
[EventCountry "DEN"]

1. d4 Nf6 2. Bg5 Ne4 3. Bf4 d5 4. f3 Nd6 5. Nc3 e6 6. e4 c6 7. Nh3 b5 8. Nf2
Be7 9. Bd3 Nc4 10. Qc1 dxe4 11. Bxc4 bxc4 12. Ncxe4 Qxd4 13. O-O O-O 14. Be3
Qd8 15. b3 f5 16. Rd1 Qc7 17. Nd2 Bf6 18. c3 cxb3 19. axb3 Nd7 20. Nc4 c5 21.
Qd2 Nb6 22. Nxb6 Qxb6 23. b4 Be7 24. Nd3 Rd8 25. Qa2 Bb7 26. Bxc5 Bxc5+ 27.
Nxc5 Bd5 28. Qa5 Rdc8 29. Kf2 Qb8 30. g3 Qe5 31. Rd4 f4 32. Rxf4 Qxc3 33. Re1
e5 34. Re3 Qd2+ 35. Re2 Qd1 36. Rxe5 Re8 37. Qc7 Qd2+ 38. Kf1 Qc1+ 39. Kg2 Qb2+
40. Kh3 Qxe5 41. Rf8+ Rxf8 42. Qxe5 Bxf3 43. g4 Rae8 44. Qd4 Bc6 45. Kh4 Rf6
46. h3 h6 47. Nd3 g5+ 48. Kg3 Rf3+ 49. Kh2 Re2+ 50. Kg1 Rg2+ 0-1

[Event "Jyske Bank Open"]
[Site "Hvidovre"]
[Date "2019.04.06"]
[Round "4.7"]
[White "Kopperberg, Steen"]
[Black "Nielsen, Niels Peter"]
[Result "1/2-1/2"]
[WhiteElo "1886"]
[BlackElo "2083"]
[PlyCount "110"]
[EventDate "2019.04.??"]
[EventType "swiss"]
[EventRounds "7"]
[EventCountry "DEN"]

1. d4 Nf6 2. Bg5 g6 3. Nd2 Bg7 4. e3 c6 5. c3 d6 6. Ngf3 Qc7 7. Bd3 a5 8. a4 b6
9. O-O Ba6 10. Bxf6 Bxf6 11. Ne4 Bg7 12. Bxa6 Nxa6 13. Rb1 O-O 14. b4 d5 15.
Ned2 axb4 16. cxb4 Rfc8 17. b5 Nb8 18. Qb3 c5 19. dxc5 Qxc5 20. g3 e6 21. Kg2
Nd7 22. Rbc1 Qf8 23. Rc6 Nc5 24. Qc2 Nxa4 25. Rc1 Rcb8 26. Nb3 Nb2 27. Nfd4 Nc4
28. Nd2 Na5 29. Rc3 Bxd4 30. exd4 Qb4 31. Qd3 Kg7 32. Rb1 Qf8 33. Rbc1 Rc8 34.
Qe2 Rxc3 35. Rxc3 Qd6 36. Qe5+ Qxe5 37. dxe5 Ra7 38. f4 h5 39. Kf3 Kf8 40. Ke3
Ke7 41. Kd3 Kd7 42. h3 Nb7 43. Nb3 Ra4 44. Ke3 Rb4 45. Nd4 Na5 46. g4 Nc4+ 47.
Kd3 Rb2 48. Rc2 Rb1 49. gxh5 gxh5 50. Ra2 Rh1 51. Ra7+ Ke8 52. Ra8+ Kd7 53.
Ra7+ Kc8 54. Rxf7 Rxh3+ 55. Kc2 Na3+ 1/2-1/2

[Event "Jyske Bank Open"]
[Site "Hvidovre"]
[Date "2019.04.06"]
[Round "5.1"]
[White "Fries Nielsen, Jens Ove"]
[Black "Vasli, Aref"]
[Result "1/2-1/2"]
[WhiteElo "2360"]
[BlackElo "2345"]
[PlyCount "80"]
[EventDate "2019.04.??"]
[EventType "swiss"]
[EventRounds "7"]
[EventCountry "DEN"]

1. e4 e5 2. Ne2 Nf6 3. Nbc3 Bc5 4. d4 exd4 5. Nxd4 Nc6 6. Nf5 O-O 7. Bd3 d5 8.
exd5 Re8+ 9. Kf1 Bxf5 10. Bxf5 Ne7 11. Qd3 Nxf5 12. Qxf5 Bb4 13. Bd2 Bxc3 14.
Bxc3 Nxd5 15. h4 Nxc3 16. bxc3 Qd2 17. Rh3 Rad8 18. Kg1 g6 19. Qc5 Re2 20. Rf3
Qd6 21. Qc4 Re6 22. Rb1 Rde8 23. g3 b6 24. Kg2 Qc6 25. Qf4 f5 26. Rd1 Re1 27.
Rxe1 Rxe1 28. Qd2 Re6 29. h5 Rd6 30. Qe3 Qd7 31. hxg6 hxg6 32. Qf4 Re6 33. Rd3
Qc6+ 34. Qf3 Qxf3+ 35. Kxf3 Rc6 36. Kf4 Kf7 37. Kg5 Ke7 38. f4 Re6 39. c4 Rc6
40. Rd4 Re6 1/2-1/2

[Event "Jyske Bank Open"]
[Site "Hvidovre"]
[Date "2019.04.06"]
[Round "5.2"]
[White "Antonsen, Mikkel"]
[Black "Christensen, Janus"]
[Result "1-0"]
[WhiteElo "2426"]
[BlackElo "2109"]
[PlyCount "53"]
[EventDate "2019.04.??"]
[EventType "swiss"]
[EventRounds "7"]
[EventCountry "DEN"]

1. d4 e6 2. c4 f5 3. Nf3 Nf6 4. Nc3 Bb4 5. Bd2 b6 6. g3 Bb7 7. Bg2 O-O 8. O-O
d6 9. Rc1 Nbd7 10. Ng5 Bxg2 11. Nxe6 Qe7 12. Nxf8 Bh3 13. Nxd7 Qxd7 14. Re1 Qc6
15. Nd5 Nxd5 16. cxd5 Qxd5 17. e4 fxe4 18. Bxb4 Qf5 19. Re3 Rf8 20. Qe1 c5 21.
Bc3 d5 22. f3 Qg5 23. Rc2 exf3 24. Re8 Qf5 25. Rf2 Qd3 26. Qe7 Qd1+ 27. Be1 1-0

[Event "Jyske Bank Open"]
[Site "Hvidovre"]
[Date "2019.04.06"]
[Round "5.4"]
[White "Stojanovski, Sandi"]
[Black "Guindy, Esmat Susanne"]
[Result "1/2-1/2"]
[WhiteElo "2192"]
[BlackElo "2144"]
[PlyCount "88"]
[EventDate "2019.04.??"]
[EventType "swiss"]
[EventRounds "7"]
[EventCountry "DEN"]

1. c4 e6 2. Nf3 d5 3. g3 Nf6 4. Bg2 Be7 5. O-O O-O 6. b3 c6 7. Bb2 b6 8. d4 Bb7
9. Nc3 Na6 10. Qb1 Rc8 11. e4 dxe4 12. Nxe4 Rc7 13. Re1 h6 14. Ne5 c5 15. Nxf6+
Bxf6 16. d5 exd5 17. cxd5 Nb4 18. Qf5 Bxd5 19. Rad1 Be6 20. Qh5 Qc8 21. Bc1 Rd8
22. Be4 Nxa2 23. Rxd8+ Qxd8 24. Bxh6 gxh6 25. Qxh6 Bg7 26. Qh7+ Kf8 27. Bf5 Qd2
28. Re3 Qd1+ 29. Kg2 Qd5+ 30. Kh3 Bxe5 31. g4 Rc6 32. Be4 Qd7 33. Bxc6 Bxg4+
34. Kh4 Qxc6 35. Rxe5 Qf6+ 36. Rg5 Be6 37. Qg8+ Ke7 38. Qb8 Qxf2+ 39. Kh5 Qf3+
40. Kh6 Qf6+ 41. Kh5 Qf3+ 42. Kh6 Qf6+ 43. Kh5 Qf3+ 44. Kh6 Qf6+ 1/2-1/2

[Event "Jyske Bank Open"]
[Site "Hvidovre"]
[Date "2019.04.06"]
[Round "5.5"]
[White "Nielsen, Viktor Haarmark"]
[Black "Kopperberg, Steen"]
[Result "1-0"]
[WhiteElo "2288"]
[BlackElo "1886"]
[PlyCount "109"]
[EventDate "2019.04.??"]
[EventType "swiss"]
[EventRounds "7"]
[EventCountry "DEN"]

1. e4 e6 2. d4 d5 3. Nc3 dxe4 4. Nxe4 Bd7 5. Nf3 Bc6 6. Bd3 Nd7 7. c3 Ngf6 8.
Nxf6+ Nxf6 9. Bf4 Bd6 10. Ne5 Bxe5 11. Bxe5 h6 12. O-O b6 13. Qe2 Bb7 14. Rad1
O-O 15. Bb1 a5 16. Rfe1 Qe7 17. Qd3 g6 18. Qh3 Nh5 19. Qe3 Kh7 20. Qh3 Ng7 21.
Bf4 h5 22. d5 Rad8 23. dxe6 Rxd1 24. Rxd1 Nxe6 25. Qxh5+ Kg8 26. Qe5 Rd8 27.
Rxd8+ Qxd8 28. Bc2 Nxf4 29. Qxf4 Qd5 30. f3 Qxa2 31. Qc1 Qe6 32. Qd2 Qd6 33.
Qxd6 cxd6 34. f4 b5 35. g4 Bf3 36. g5 d5 37. Kf2 Bg4 38. Ke3 b4 39. cxb4 axb4
40. Kd4 Be6 41. Bb3 Kf8 42. Bxd5 Ke7 43. Kc4 b3 44. Bxe6 Kxe6 45. Kxb3 Kf5 46.
Kc4 Kxf4 47. b4 Kxg5 48. b5 f5 49. b6 f4 50. b7 Kg4 51. b8=Q g5 52. Kd3 Kh3 53.
Qe5 Kg4 54. Ke4 Kh4 55. Kf5 1-0

[Event "Jyske Bank Open"]
[Site "Hvidovre"]
[Date "2019.04.06"]
[Round "5.6"]
[White "Nielsen, Niels Peter"]
[Black "Eriksson, Christian Altenburg"]
[Result "1/2-1/2"]
[WhiteElo "2083"]
[BlackElo "2146"]
[PlyCount "47"]
[EventDate "2019.04.??"]
[EventType "swiss"]
[EventRounds "7"]
[EventCountry "DEN"]

1. e4 c5 2. Nf3 Nc6 3. Nc3 e5 4. Bc4 Be7 5. d3 d6 6. h3 Nf6 7. Bg5 O-O 8. O-O
a6 9. Bxf6 Bxf6 10. Bd5 Be6 11. a3 Qd7 12. Ne2 Bxd5 13. exd5 Ne7 14. c4 e4 15.
dxe4 Bxb2 16. Ra2 Bf6 17. a4 b5 18. axb5 axb5 19. Rxa8 Rxa8 20. cxb5 Qxb5 21.
Ng3 Ra1 22. Qc2 Rxf1+ 23. Nxf1 g6 24. Ne3 1/2-1/2

[Event "Jyske Bank Open"]
[Site "Hvidovre"]
[Date "2019.04.06"]
[Round "5.7"]
[White "Jensen, Thore Nyboe"]
[Black "Tolba, Henri"]
[Result "1-0"]
[WhiteElo "2042"]
[BlackElo "1729"]
[PlyCount "53"]
[EventDate "2019.04.??"]
[EventType "swiss"]
[EventRounds "7"]
[EventCountry "DEN"]

1. e4 e5 2. Bc4 Nf6 3. d3 Nc6 4. c3 d6 5. Nd2 Qe7 6. Ngf3 h6 7. Nf1 d5 8. exd5
e4 9. dxe4 Qxe4+ 10. Ne3 Ne5 11. Nxe5 Qxe5 12. O-O Be7 13. Re1 O-O 14. Nc2 Qd6
15. b3 Ng4 16. g3 Qf6 17. Qd4 Nxh2 18. Kxh2 Qf5 19. Rxe7 Qh3+ 20. Kg1 Bg4 21.
Bf1 Qh5 22. Rxc7 Rae8 23. Ba3 Bf3 24. Bg2 Re4 25. Qd3 Bxg2 26. Kxg2 Rfe8 27. d6
1-0

[Event "Jyske Bank Open"]
[Site "Hvidovre"]
[Date "2019.04.07"]
[Round "6.1"]
[White "Vasli, Aref"]
[Black "Antonsen, Mikkel"]
[Result "1-0"]
[WhiteElo "2345"]
[BlackElo "2426"]
[PlyCount "75"]
[EventDate "2019.04.??"]
[EventType "swiss"]
[EventRounds "7"]
[EventCountry "DEN"]

1. e4 c5 2. Nf3 Nc6 3. d4 cxd4 4. Nxd4 Nf6 5. Nc3 e5 6. Ndb5 d6 7. a4 a6 8. Na3
Bg4 9. Qd3 Be7 10. Bg5 Be6 11. Bxf6 Bxf6 12. Nd5 Qa5+ 13. c3 Bxd5 14. Qxd5 Qxd5
15. exd5 Ne7 16. Nc4 Rd8 17. a5 O-O 18. g3 Bg5 19. Bg2 f5 20. O-O e4 21. Rad1
Ng6 22. Rfe1 Rfe8 23. Bh3 Ne5 24. Nxe5 Rxe5 25. f4 exf3 26. Rxe5 dxe5 27. Bxf5
Be3+ 28. Kf1 f2 29. Be6+ Kh8 30. b4 g6 31. c4 e4 32. Ke2 Rf8 33. Kxe3 f1=Q 34.
Rxf1 Rxf1 35. Kxe4 Rb1 36. d6 Re1+ 37. Kd5 Kg7 38. Bc8 1-0

[Event "Jyske Bank Open"]
[Site "Hvidovre"]
[Date "2019.04.07"]
[Round "6.2"]
[White "Fries Nielsen, Jens Ove"]
[Black "Christensen, Esben"]
[Result "1-0"]
[WhiteElo "2360"]
[BlackElo "2005"]
[PlyCount "107"]
[EventDate "2019.04.??"]
[EventType "swiss"]
[EventRounds "7"]
[EventCountry "DEN"]

1. e4 c5 2. Nf3 e6 3. d3 Nc6 4. g3 d5 5. Qe2 Nf6 6. Bg2 Be7 7. O-O O-O 8. e5
Nd7 9. c4 f6 10. exf6 Nxf6 11. Nc3 Nd4 12. Nxd4 cxd4 13. Nb5 dxc4 14. dxc4 a6
15. Na3 Bd6 16. Rd1 e5 17. c5 Bc7 18. Bg5 h6 19. Bxf6 Qxf6 20. Nc4 Rb8 21. Rd2
Be6 22. Re1 d3 23. Qxd3 Rfd8 24. Qc2 Rd4 25. Rxd4 exd4 26. Nd6 b6 27. Ne4 Qg6
28. cxb6 Bxb6 29. Qc6 Bf7 30. Qc2 Bxa2 31. Qa4 Bf7 32. Qxa6 Rd8 33. Qd3 Rc8 34.
Bh3 Bc4 35. Qd2 Re8 36. Bg2 Kh8 37. b4 d3 38. h4 Qf5 39. Kh2 Qf8 40. Rc1 Bd5
41. Qxd3 Bxe4 42. Bxe4 Bxf2 43. b5 Qb4 44. Bg6 Rf8 45. Rf1 Qg4 46. Kg2 Bc5 47.
Rxf8+ Bxf8 48. b6 Qc8 49. Qf3 Bd6 50. b7 Qd8 51. Qc6 Bc7 52. Kh3 Qb8 53. Be4
Qd8 54. Qe6 1-0

[Event "Jyske Bank Open"]
[Site "Hvidovre"]
[Date "2019.04.07"]
[Round "6.3"]
[White "Thybo, Thomas Sondergaard"]
[Black "Nielsen, Viktor Haarmark"]
[Result "1-0"]
[WhiteElo "2136"]
[BlackElo "2288"]
[PlyCount "103"]
[EventDate "2019.04.??"]
[EventType "swiss"]
[EventRounds "7"]
[EventCountry "DEN"]

1. e4 c5 2. Nf3 Nc6 3. d4 cxd4 4. Nxd4 Nf6 5. Nc3 e5 6. Ndb5 d6 7. Nd5 Nxd5 8.
exd5 Ne7 9. c4 Ng6 10. Qa4 Bd7 11. Qb4 Qb8 12. h4 h5 13. Bg5 a6 14. Nc3 Qc7 15.
g3 f5 16. Be2 Be7 17. O-O-O e4 18. Kb1 Ne5 19. Be3 O-O 20. Bd4 Ng4 21. Rc1 Rac8
22. Rhd1 Bf6 23. Bb6 Qb8 24. Bxg4 hxg4 25. Ne2 Be5 26. Qd2 Rf7 27. Rh1 Rcf8 28.
h5 Kh7 29. b3 Qe8 30. Be3 Rh8 31. Nf4 Bf6 32. Ng6 Rg8 33. Qb4 b5 34. c5 dxc5
35. Qxc5 Qa8 36. Qd6 b4 37. a4 bxa3 38. Ne5 Qb7 39. Bb6 Be8 40. h6 Re7 41.
hxg7+ Kxg7 42. Rh7+ Kxh7 43. Qxf6 Rgg7 44. Qxf5+ Kg8 45. Nxg4 Rg6 46. Nf6+ Rxf6
47. Qxf6 Qxd5 48. Bd4 Rh7 49. Ka2 Rb7 50. Rh1 Qxb3+ 51. Ka1 Rh7 52. Qg5+ 1-0

[Event "Jyske Bank Open"]
[Site "Hvidovre"]
[Date "2019.04.07"]
[Round "6.4"]
[White "Guindy, Esmat Susanne"]
[Black "Svendsen, Mads O"]
[Result "1-0"]
[WhiteElo "2144"]
[BlackElo "2052"]
[PlyCount "75"]
[EventDate "2019.04.??"]
[EventType "swiss"]
[EventRounds "7"]
[EventCountry "DEN"]

1. d4 d5 2. c4 dxc4 3. e4 b5 4. b3 Bb7 5. f3 cxb3 6. Bxb5+ c6 7. Bc4 Qa5+ 8.
Bd2 Qc7 9. Qxb3 e6 10. Nc3 Nd7 11. Nge2 Nb6 12. Bd3 Bd6 13. a4 Rb8 14. Qc2 e5
15. dxe5 Bxe5 16. f4 Bd6 17. a5 Nd7 18. O-O Ngf6 19. Kh1 Ng4 20. e5 Be7 21. h3
h5 22. Ne4 Nh6 23. N2c3 Rc8 24. Rab1 Nf5 25. Nf6+ gxf6 26. Bxf5 fxe5 27. fxe5
Ba6 28. Rfe1 Bh4 29. e6 Nc5 30. exf7+ Kxf7 31. Bxc8 Qxc8 32. Re5 Nd3 33. Rf1+
Kg7 34. Ref5 Qe6 35. Rf7+ Qxf7 36. Rxf7+ Kxf7 37. Ne4 Re8 38. Nd6+ 1-0

[Event "Jyske Bank Open"]
[Site "Hvidovre"]
[Date "2019.04.07"]
[Round "6.5"]
[White "Petersen, Flemming Petri"]
[Black "Wahlgreen, Noah Krug"]
[Result "1-0"]
[WhiteElo "2019"]
[BlackElo "1628"]
[PlyCount "63"]
[EventDate "2019.04.??"]
[EventType "swiss"]
[EventRounds "7"]
[EventCountry "DEN"]

1. e4 c5 2. Nf3 d6 3. d4 cxd4 4. Nxd4 Nf6 5. Nc3 g6 6. f3 Bg7 7. Be3 Nc6 8. Bc4
O-O 9. Qd2 Bd7 10. O-O-O Ne5 11. Bb3 Re8 12. Bh6 Bh8 13. h4 a5 14. a4 Rc8 15.
h5 Nc4 16. hxg6 fxg6 17. g4 d5 18. Qe2 e5 19. Ndb5 Be6 20. g5 Nh5 21. Rxh5 gxh5
22. exd5 Qe7 23. Bxc4 Bf7 24. Bb3 Rc5 25. Ne4 Rcc8 26. Nbd6 Red8 27. Nxf7 Qxf7
28. Kb1 Re8 29. Nd6 Qd7 30. Nxc8 Qxc8 31. d6+ Re6 32. d7 1-0

[Event "Jyske Bank Open"]
[Site "Hvidovre"]
[Date "2019.04.07"]
[Round "6.6"]
[White "Liu, Casper Yukun"]
[Black "Nielsen, Niels Peter"]
[Result "1-0"]
[WhiteElo "2174"]
[BlackElo "2083"]
[PlyCount "75"]
[EventDate "2019.04.??"]
[EventType "swiss"]
[EventRounds "7"]
[EventCountry "DEN"]

1. d4 d5 2. Bf4 c5 3. e3 Nc6 4. c3 e6 5. Nf3 cxd4 6. exd4 Bd6 7. Bg3 Nge7 8.
Ne5 Bxe5 9. dxe5 Nf5 10. f4 Qb6 11. Qd2 Nxg3 12. hxg3 Bd7 13. Na3 Ne7 14. Bd3
g6 15. Rh3 Ba4 16. Qf2 Qa5 17. b4 Qc7 18. Bb5+ Kf8 19. g4 Bxb5 20. Nxb5 Qc4 21.
Nd6 Qc7 22. Qh4 Ng8 23. Qf2 h5 24. Kd2 Rd8 25. Rah1 a5 26. b5 Rxd6 27. exd6
Qxd6 28. Qd4 f6 29. gxh5 e5 30. fxe5 fxe5 31. Rf1+ Kg7 32. Qf2 Nf6 33. Kc2 Rxh5
34. Rf3 Qa3 35. Kb1 Ne4 36. Rf7+ Kh6 37. Qe3+ g5 38. Qb6+ 1-0

[Event "Jyske Bank Open"]
[Site "Hvidovre"]
[Date "2019.04.07"]
[Round "6.7"]
[White "Eriksson, Christian Altenburg"]
[Black "Jensen, Thore Nyboe"]
[Result "1-0"]
[WhiteElo "2146"]
[BlackElo "2042"]
[PlyCount "59"]
[EventDate "2019.04.??"]
[EventType "swiss"]
[EventRounds "7"]
[EventCountry "DEN"]

1. e4 c5 2. c3 Nf6 3. e5 Nd5 4. d4 cxd4 5. Nf3 d6 6. cxd4 Nc6 7. Bc4 Nb6 8. Bb5
e6 9. O-O Bd7 10. Nc3 dxe5 11. dxe5 Nb4 12. Qe2 a6 13. Bxd7+ Qxd7 14. Rd1 N4d5
15. Bg5 h6 16. Bh4 Nxc3 17. bxc3 Qc7 18. Qe4 Rc8 19. Nd4 Nd5 20. Ne2 Bc5 21.
Rd3 O-O 22. Rad1 b5 23. Rg3 Ne7 24. Bf6 Ng6 25. Nf4 gxf6 26. Nxg6 f5 27. Nxf8+
Kxf8 28. Qf4 Ke8 29. Rg8+ Bf8 30. Qxh6 1-0